000 00930nam a2200241Ia 4500
003 GCL
008 140319s9999 xx 000 0 ara d
040 _aGCL /
_cGCL
082 0 4 _a355.43
_bم ا
100 1 _aمركز التوثيق الاعلامى
245 1 0 _aالابعاد الاستراتيجية للحرب العراقية الايرانية الندوة العلمية لمركز دراسات الخليج العربى /
_cمركز التوثيق الاعلامى
700 1 _aمركز دراسات الخليج العربى
260 _a[S.N] :
_bمركز دراسات الخليج العربى ،
_c1988
300 _a598 ص
490 _a
650 0 4 _aالعالم العربى
650 0 4 _aايران
650 0 4 _aالعراق
650 0 4 _aالاحوال الاقتصادية
650 0 4 _aالامن القومى
650 0 4 _aالحرب العراقية الايرانية
942 _2ddc
_cBK
999 _c35914
_d35914